000 00801nam a22002057a 4500
003 OSt
005 20250822090653.0
008 231018b ||||| |||| 00| 0 eng d
040 _c0
082 _aDPer 658.8005 J826 Winter-Fall 2020 v. 28 n. 1-4
100 _aHarris, Eric G.
_eauthor.
_949684
245 _aAnother look at frontline employee productivity propensity :
_ba job demands - resources approach /
_cEric G. Harris.
260 _aPhiladelphia ;
_bTaylor & Francis Group ,
_cSummer 2020.
300 _avolume 28, pages 318-329 :
_billustration ;
_c28 cm.
500 _aJournal of Marketing Theory and Practice v. 28, no. 3, pages 318-329, Summer 2020.
650 _aManagement.
_949685
650 _aEmployees.
_948213
700 _aHarris, Eric G.
_eauthor.
_949684
942 _2ddc
_cPER
999 _c18354
_d18354